Pr̲ācīna likhitaṅṅaḷ. (Record no. 74982)

MARC details
000 -LEADER
fixed length control field 00683cam a22002531 4500
001 - CONTROL NUMBER
control field sa 67005120
003 - CONTROL NUMBER IDENTIFIER
control field DLC
005 - DATE AND TIME OF LATEST TRANSACTION
control field 20260227112354.0
008 - FIXED-LENGTH DATA ELEMENTS--GENERAL INFORMATION
fixed length control field 910703s1963 ii a b 000 0 malo
010 ## - LIBRARY OF CONGRESS CONTROL NUMBER
LC control number sa 67005120
035 ## - SYSTEM CONTROL NUMBER
System control number (OCoLC)24026885
040 ## - CATALOGING SOURCE
Original cataloging agency DLC
Transcribing agency WaU
Modifying agency DLC
042 ## - AUTHENTICATION CODE
Authentication code premarc
043 ## - GEOGRAPHIC AREA CODE
Geographic area code a-ii---
050 00 - LIBRARY OF CONGRESS CALL NUMBER
Classification number DS423
Item number .P372
100 1# - MAIN ENTRY--PERSONAL NAME
Personal name Paramēśvaranpiḷḷa, Vi. Ār.,
Dates associated with a name 1904-
245 10 - TITLE STATEMENT
Title Pr̲ācīna likhitaṅṅaḷ.
260 ## - PUBLICATION, DISTRIBUTION, ETC.
Place of publication, distribution, etc. [Trivandrum,
Date of publication, distribution, etc. 1963]
300 ## - PHYSICAL DESCRIPTION
Extent 384 p.
Other physical details illus.
Dimensions 18 cm.
500 ## - GENERAL NOTE
General note In Malayalam.
504 ## - BIBLIOGRAPHY, ETC. NOTE
Bibliography, etc. note Bibliography: p. [364]-373.
651 #0 - SUBJECT ADDED ENTRY--GEOGRAPHIC NAME
Geographic name India
General subdivision Civilization.
651 #0 - SUBJECT ADDED ENTRY--GEOGRAPHIC NAME
Geographic name Kerala (India)
General subdivision Civilization.

No items available.

Powered by Koha